La corte dei Cesari fra Augusto e Nerone

Gespeichert in:
Bibliographische Detailangaben
1. Verfasser: Pani, Mario (autore)
Format: Buch
Sprache:Italienisch
Veröffentlicht: Roma Editori Laterza 2003
Ausgabe:1a. ed
Schriftenreihe:Biblioteca Essenziale Laterza, 54
Schlagworte:
Tags: Tag hinzufügen
Keine Tags, Fügen Sie den ersten Tag hinzu!

MARC

LEADER 00000cam a2200000 a 4500
001 UCD9284
003 CL-VaPUC
008 170609e20030000it |||||||||||||||||ita|d
020 |a 8842069353 
082 0 4 |a 937  |b PAN  |2 21 
100 |a Pani, Mario  |e autore  |9 440045 
245 1 3 |a La corte dei Cesari fra Augusto e Nerone 
250 |a 1a. ed 
300 |a 141 p 
942 |c BK 
945 |d 20170609 16:51:00  |a arojas 
260 |a Roma  |b Editori Laterza  |c 2003 
650 0 |a Historia de Roma   |9 315349 
650 7 |a CORTES  |2 CL-VaPUC  |9 384752 
650 7 |a CORTESANOS  |2 CL-VaPUC  |9 511217 
650 7 |a EMPERADORES  |2 CL-VaPUC  |9 333943 
651 0 |a Roma   |9 255106 
583 |a last modification  |c 20170609 16:51:00  |k Rodrigo Vera 
490 0 |a Biblioteca Essenziale Laterza, 54 
999 |c 368516  |d 368514 
952 |0 0  |1 0  |3 erb  |4 0  |6 937_000000000000000_PAN_2003  |7 0  |8 A  |9 483870  |a FDOLAF  |b FDOLAF  |i 5396662  |o 937 PAN 2003  |p 5396662  |r 2024-01-30  |w 2019-11-24  |y BK  |z Catalogado en:20170609  |k LAF